Zahraničný obchod Slovenska

Vývoj zahraničného obchodu SR (1993-2001) - dovoz, vývoz, saldo zo SR. Teritoriálna a komoditná štruktúra zahraničného obchodu SR. Zahraničnoobchodná politika SR. Tarifné nástroje, netarifné prostriedky, ostatné nástroje zahraničnoobchodnej politiky SR.

Na minha lista:
Detalhes bibliográficos
Autor principal: Lipková, Ľudmila
Outros Autores: Porubský, Juraj
Formato: Capítulo de Livro
Idioma:eslovaco
Assuntos:
Tags: Adicionar Tag
Sem tags, seja o primeiro a adicionar uma tag!

MARC

LEADER 00000naa$a2200000$$$4500
001 0013296
005 20240502071358.4
041 0 |a slo 
044 |a SK 
245 1 0 |a Zahraničný obchod Slovenska  |c Ľudmila Lipková, Juraj Porubský 
520 |a Vývoj zahraničného obchodu SR (1993-2001) - dovoz, vývoz, saldo zo SR. Teritoriálna a komoditná štruktúra zahraničného obchodu SR. Zahraničnoobchodná politika SR. Tarifné nástroje, netarifné prostriedky, ostatné nástroje zahraničnoobchodnej politiky SR. 
610 2 0 |a obchod zahraničný 
610 2 0 |a dovoz 
610 2 0 |a vývoz 
610 2 0 |a saldo 
610 2 0 |a politika zahraničnoobchodná 
610 2 0 |a Slovensko 
100 1 |a Lipková, Ľudmila 
700 1 |a Porubský, Juraj